Films avec Suzanne Flon par image - Statistiques

Statistiques générales
  • Ce quiz a été pris 18 fois
  • Le résultat moyen est 4 sur 16
Statistiques - réponses
Par images Réponse % Correct
L'Été meurtrier
83%
Monsieur Klein
56%
Un singe en hiver
50%
Les Enfants du marais
33%
La Vouivre
28%
Un crime au paradis
28%
Fauteuils d'orchestre
22%
Sous le signe du taureau
22%
La Fleur du mal
17%
Moulin rouge
17%
Effroyables jardins
11%
Le Train
11%
Si j'étais un espion
11%
Joyeux Noël
6%
Le Soleil des voyous
6%
Tu ne tueras point
6%
Aucun quiz correspondant
Distribution des résultats
% des personnes avec chaque résultat
Percentile par nombre de réponses
Votre historique - résultats
Vous n’avez pas pris ce quiz